000 00446nam a2200181Ia 4500
001 19054
005 20260306171715.0
008 260306s9999||||xx |||||||||||||| ||und||
041 _aESP
082 _aS 658.8
_bD75
100 _aDiez de Castro, Enrique Carlos
_eAUT
245 0 _aMarketing:
_bInvestigación comercial
260 _c2002
300 _a398 pƔginas :
_c24 cm.
650 _aGEN
654 _aCAN
942 _cLIB
_dJUS
_fJUS
_2ddc
_n
999 _c19054
_d19054